000 00727nam a2200193Ia 4500
003 IN-BaIIA
008 211028s9999 xx 000 0 eng d
020 _a9399-261-07601
040 _cIIA Library
080 _a(035)621.38
_bPDH-69:5
110 _aPhilips Gloeilanapenfabrieken
_96245
245 0 _aPhillps data and Handbook
_bpt. 5, components and materials- magnetic heads, quartz crystals, microwave devices variable main transformers, electro-mechanical components
_cPhilips Gloeilanapenfabrieken
260 _aNetherland
_bTechnical Publications Department
_c1969
300 _a[various pagings.]
490 _aComponents and Materials Part 5
650 _aElectronics
_91576
650 _aNASA Thesaurus
942 _cBK
999 _c3528
_d3528